Główne gatunki zwierząt polskich Parków Nardowowych - Statystyki

Ogólne statystyki
  • Ten quiz został rozwiązany 15 razy
  • Średni wynik to 13 z 23
Statystyki odpowiedzi
Gatunki zwięrząt Nazwa Parku Narodowego % Poprawnych
Świstak tatrzański,Kozica Tatrzański PN
91%
Żubr, Wilk Białowieski PN
82%
Łoś, Batalion Biebrzański PN
73%
Nocek duży,Traszka grzebieniasta Ojcowski PN
73%
Ryś, Żbik Bieszczadzki PN
64%
Bielik, Foka szara Woliński PN
64%
Niedźwiedź brunatny,Głuszec Babiogórski PN
55%
Niedźwiedź brunatny,Salamandra plamista Gorczański PN
55%
Puchacz, Muflon Karkonoski PN
55%
Ryś, Orlik krzykliwy Magurski PN
55%
Bóbr, Czapla siwa PN Ujście Warty
55%
Konik polski, Bocian czarny Roztoczański PN
55%
Wydra, Bóbr Drawieński PN
45%
Łoś, Żuraw Kampinoski PN
45%
Bóbr, Kormoran Narwiański PN
45%
Motyl niepylak apollo, Pluszcz Pieniński PN
45%
Jeleń szlachetny, Żuraw PN Bory Tucholskie
45%
Lis, Ryś PN Gór Stołowych
45%
Żółw błotny, Żuraw Poleski PN
45%
Bielik, Sowa błotna Słowiński PN
45%
Dzięcioł białogrzbiety,Wilk Świętokrzyski PN
45%
Bóbr, Wilk Wigierski PN
45%
Łasica, Bóbr Wielkopolski PN
36%
Nie znaleziono quizów pasujących do podanych kryteriów
Rozkład punktacji
Procent ludzi z każdym wynikiem
Percentyl według liczby udzielonych odpowiedzi
Twoja historia wyników
Nie rozwiązałeś tego quizu